00976nam a22002777a 4500003000500000005001700005008004100022010001000063011001000073020001500083035001100098040000900109082001900118245006400137260005100201300003200252590004100284590004200325650002800367700002800395901000700423942001000430949009200440999001700532952014900549CHAP20220329143347.0081218s2004 uk r 00010 eng d a95516 a96488 a1897676476 a107142 cCHAP04a636.0893bEm3200aEmerging equine sciencec/edited by J. Alliston ...[et al.] aNottingham, UK :bNottingham University,c2004 a254 p. :bgráfs., cuadros aBATCH-UPDb10c20130110lUCH01h0450 aCONVERSIONb10c20130109lUCH01h135304aGanado caballar.9449671 aAlliston, J.eed.94443 aBK cLIBRO a636.0893 Em32bBCcLIBROd33724002050587eLIBROgI.241797h110123i107142sbt$1,069.54 c95516d95516 00102ddc4052708GRALaBCbBCcPP_GRALd2019-12-31eI.241797fLIBROl0o636.0893 Em32p33724002050587r2019-12-31 00:00:00w2019-12-31yLIBRO